|
|
|
|
| LEADER |
00000nbm0a2200000 4500 |
| 001 |
181383 |
| 005 |
20231031171052.0 |
| 035 |
|
|
|a (RuTPU)RU\TPU\book\196622
|
| 090 |
|
|
|a 181383
|
| 100 |
|
|
|a 20100607d1967 m y0rusy50 ca
|
| 101 |
0 |
|
|a rus
|
| 102 |
|
|
|a RU
|
| 105 |
|
|
|a a z 001zy
|
| 200 |
1 |
|
|a Учебная, воспитательная и научная деятельность ТПИ в современных условиях
|e Доклад
|f А. А. Воробьев
|g Томский политехнический институт (ТПИ)
|
| 210 |
|
|
|a Томск
|d 1967
|
| 300 |
|
|
|a Доклад ректора ТПИ А.А. Воробьева на собрании профессоров, преподавателей и аспирантов ТПИ 21 февраля 1966 года
|
| 610 |
1 |
|
|a рукописные работы
|
| 610 |
1 |
|
|a высшие технические учебные заведения
|
| 610 |
1 |
|
|a воспитательная деятельность
|
| 610 |
1 |
|
|a учебная деятельность
|
| 610 |
1 |
|
|a научная деятельность
|
| 610 |
1 |
|
|a черновики
|
| 610 |
1 |
|
|a материалы к докладу
|
| 675 |
|
|
|a 6.022
|v 3
|
| 700 |
|
1 |
|a Воробьев
|b А. А.
|c российский физик
|c ректор Томского политехнического института, профессор
|f 1909-1981
|g Александр Акимович
|2 stltpush
|3 (RuTPU)RU\TPU\pers\12805
|
| 712 |
0 |
2 |
|a Томский политехнический институт (ТПИ)
|c (1944-1991)
|2 stltpush
|3 (RuTPU)RU\TPU\col\1123
|
| 801 |
|
1 |
|a RU
|b 63413507
|c 20100607
|
| 942 |
|
|
|c BK
|